[Event "C50"]
[Site "Cleanchess.com   INT"]
[Date "2018.02.14"]
[Round "6"]
[White "Della Morte,G"]
[Black "Barbosa,O PHI"]
[Result "1-0"]
[WhiteElo "2353"]
[BlackElo "2545"]

1.e4 e5 2.Nf3 Nc6 3.Bc4 Bc5 4.O-O Nf6 5.d3 O-O 6.h3 a6 7.a4 d6 8.c3 Ba7 9.Re1
Be6 10.Bxe6 fxe6 11.Be3 Bxe3 12.Rxe3 Kh8 13.Nbd2 Qe8 14.d4 exd4 15.cxd4 e5
16.dxe5 dxe5 17.Qb3 Rb8 18.Qc3 Qe7 19.Rc1 Nh5 20.b4 Nf4 21.b5 axb5 22.axb5 Nd4
23.Qxc7 Qf6 24.Kh2 Qg6 25.g3 Nxh3 26.Kxh3 Qe6+ 27.Kg2 Rbc8 28.Qxe5 Rxc1
29.Qxd4 Qh6 30.Nh4 Qg5 31.Nf5 Rc7 32.Nf3 Qh5 33.Rc3 Rcf7 34.Ne5 Rf6 35.Nd7
Rxf5 36.exf5 Rd8 37.Nf6 {#r} 1-0

[Event "C50"]
[Site "Cleanchess.com   INT"]
[Date "2018.02.14"]
[Round "6"]
[White "Rendle,T"]
[Black "Otchiyev,A"]
[Result "1-0"]
[WhiteElo "2362"]
[BlackElo "2369"]

1.e4 e5 2.Nf3 Nc6 3.Bc4 Nf6 4.d3 Bc5 5.c3 a6 6.Bb3 h6 7.h3 d6 8.Nbd2 Ba7 9.Nf1
d5 10.Qe2 dxe4 11.dxe4 Be6 12.Ng3 O-O 13.O-O Qe7 14.Nh4 Bxb3 15.axb3 Qe6 16.b4
Ne7 17.Nhf5 Nxf5 18.Nxf5 Kh7 19.Qf3 Rg8 20.Be3 Bxe3 21.fxe3 Rad8 22.Rf2 Qc4
23.Ng3 Rd6 24.Raf1 Re8 25.Nf5 Rde6 26.Nxg7 Kxg7 27.Qg3+ Kh8 28.Rxf6 Qxe4
29.Rxf7 Rg6 30.Qf3 Qxf3 31.R1xf3 Reg8 32.g4 R6g7 33.Kf2 Rd8 34.Rf8+ Rxf8
35.Rxf8+ Kh7 36.Re8 Rd7 37.Ke2 Rd5 38.Re7+ Kg6 39.Rxc7 b5 40.Rc5 {#r} 1-0

[Event "C50"]
[Site "Cleanchess.com   INT"]
[Date "2018.02.14"]
[Round "6"]
[White "Andriasian,Z"]
[Black "Hammer,J"]
[Result "1-0"]
[WhiteElo "2585"]
[BlackElo "2621"]

1.e4 e5 2.Nf3 Nc6 3.Bc4 Bc5 4.O-O Nf6 5.d3 a6 6.c3 Ba7 7.Nbd2 O-O 8.h3 d6
9.Bb3 Be6 10.Bc2 Nd7 11.Nc4 d5 12.Ne3 dxe4 13.dxe4 f6 14.Qe2 Nb6 15.Bb3 Bxb3
16.axb3 Qd7 17.Rd1 Qf7 18.b4 Rad8 19.Bd2 Qb3 20.Be1 Rxd1 21.Rxd1 Rd8 22.Rxd8+
Nxd8 23.Nh4 Nd7 24.Nd5 Ne6 25.Qg4 Nef8 26.Nxc7 Qxb2 27.Qd1 Qa2 28.Nf5 Qc4
29.Nd6 Qa2 30.Nxb7 g6 31.Qd5+ Qxd5 32.exd5 Nb6 33.Nc5 Kf7 34.N5xa6 Nc4 35.Kf1
Bb6 36.Ke2 Bxc7 37.Nxc7 Nd7 38.f3 Ke7 39.Kd3 Ndb6 40.Nb5 Nb2+ 41.Kc2 N2c4
42.Kb3 Kd7 43.Bf2 Nd2+ 44.Kc2 Ndc4 45.Bxb6 Nxb6 46.d6 h5 47.Kd3 Nd5 48.g3 f5
49.h4 Kc6 50.Na3 Kxd6 51.Nc4+ Ke6 52.Ne3 Nf6 53.c4 e4+ 54.Ke2 Ke5 55.b5 Nd7
56.Nc2 Nb6 57.Ne3 Kd4 58.fxe4 Kxe4 59.Ng2 Nxc4 60.Nf4 Nb6 61.Nxg6 Nd5 62.Kf2
Kd4 63.Nf4 Nc3 64.b6 Ne4+ 65.Kf3 Nd6 66.Nxh5 Kc5 67.Kf4 Kxb6 68.Ng7 Kc5
69.Nxf5 Nf7 70.g4 Kd5 71.g5 Ke6 72.h5 Nd8 73.Nd4+ Kf7 74.Kf5 Kg7 75.Ne6+ {#r}
1-0

[Event "C53"]
[Site "Cleanchess.com Djenovici MNE"]
[Date "2018.02.17"]
[Round "1.2"]
[White "Srinath,R"]
[Black "Strugnell,C"]
[Result "1-0"]
[WhiteElo "2278"]
[BlackElo "2330"]

1.e4 e5 2.Nf3 Nc6 3.Bc4 Bc5 4.c3 Nf6 5.d3 a6 6.Bb3 Ba7 7.O-O O-O 8.Re1 d6
9.Nbd2 Ng4 10.Re2 Kh8 11.h3 Nh6 12.Nf1 f5 13.Bxh6 gxh6 14.d4 fxe4 15.Rxe4 d5
16.Re1 e4 17.N3h2 Ne7 18.Ne3 c6 19.Nhg4 Qd6 20.Ne5 Ng6 21.Qh5 Nxe5 22.dxe5 Qg6
23.Qxg6 hxg6 24.c4 d4 25.Nd1 e3 26.fxe3 dxe3 27.Nxe3 Rf5 28.Kh1 Rxe5 29.Nf1
Re6 30.c5 Rxe1 31.Rxe1 Bf5 32.Re5 Rd8 33.Ne3 Bd7 34.Nc4 Bb8 35.Re7 Ba7 36.Nd6
{#r} 1-0

[Event "C53"]
[Site "Cleanchess.com Newcastle ENG"]
[Date "2018.02.17"]
[Round "6.3"]
[White "Merry,Alan B"]
[Black "Percivaldi,Martin"]
[Result "0-1"]
[WhiteElo "2438"]
[BlackElo "2395"]

1.e4 e5 2.Nf3 Nc6 3.Bc4 Bc5 4.c3 Nf6 5.d3 a6 6.Bg5 Be7 7.Nbd2 d6 8.a4 O-O
9.O-O h6 10.Bh4 Kh8 11.h3 Nh7 12.Bxe7 Qxe7 13.d4 Qf6 14.dxe5 dxe5 15.a5 Ne7
16.Kh2 Ng6 17.g3 Bd7 18.Qe2 Ng5 19.Nxg5 Qxg5 20.Rad1 Rad8 21.Nf3 Qh5 22.Ng1
Qg5 23.Rd3 Bc6 24.h4 Qf6 25.Rf3 Qd6 26.Rxf7 Qd2 27.Qxd2 Rxd2 28.Nf3 Rxb2
29.Nxe5 Rxf7 30.Nxg6+ Kg8 31.Kg1 Bb5 32.Rd1 Bxc4 33.Rd8+ Kh7 34.h5 Rb1+ 35.Kg2
Bf1+ 36.Kh2 Rxf2+ 37.Kg1 Rg2+ 38.Kh1 Bd3+ 39.Kxg2 Bxe4+ 40.Kf2 Bxg6 41.hxg6+
Kxg6 {#R} 0-1

[Event "C54"]
[Site "Cleanchess.com Graz AUT"]
[Date "2018.02.18"]
[Round "2.12"]
[White "Gumularz,Szymon"]
[Black "Goessler,Markus"]
[Result "1-0"]
[WhiteElo "2450"]
[BlackElo "2219"]

1.e4 e5 2.Nf3 Nc6 3.Bc4 Bc5 4.c3 Nf6 5.d3 d6 6.Bb3 h6 7.Nbd2 O-O 8.O-O a6
9.Re1 b5 10.Nf1 Bb6 11.Ng3 Ne7 12.h3 c5 13.Nh4 Be6 14.Qf3 c4 15.dxc4 bxc4
16.Bc2 Nd7 17.Nh5 Kh7 18.Nf5 Bxf5 19.exf5 f6 20.Re4 d5 21.Rh4 Rh8 22.Ba4 Nc5
23.Nxf6+ gxf6 24.Qh5 Nxf5 25.Qf7+ {#r} 1-0

[Event "C55"]
[Site "Cleanchess.com Neustadt an der Weinstrasse GER"]
[Date "2018.02.13"]
[Round "9.19"]
[White "Pfreundt,Jakob"]
[Black "Goldschmidt,C"]
[Result "1-0"]
[WhiteElo "2386"]
[BlackElo "2209"]

1.e4 e5 2.Nf3 Nc6 3.Bc4 Nf6 4.d3 Qe7 5.a4 Na5 6.Ba2 d6 7.O-O Be6 8.Nc3 Bxa2
9.Rxa2 Qd7 10.Bg5 Be7 11.b4 Nc6 12.b5 Na5 13.Qd2 b6 14.Bxf6 Bxf6 15.Nd5 Qd8
16.c3 O-O 17.h3 c6 18.bxc6 Nxc6 19.Raa1 Rc8 20.Qa2 Re8 21.Rfc1 Bg5 22.Rc2 h5
23.g3 g6 24.Kh2 Kg7 25.Rf1 Bh6 26.Nh4 Bg5 27.Ng2 Ne7 28.f4 exf4 29.gxf4 Bf6
30.Nge3 Nxd5 31.Nxd5 Rc5 32.Qb3 Ra5 33.Rg2 Qd7 34.Qd1 Qxa4 35.Qxh5 Rh8 36.Qg4
Rh4 37.Qg3 Rh6 38.d4 Bh4 39.Qf3 Qc4 40.f5 Ra2 41.Rxa2 Qxa2+ 42.Kh1 f6 43.fxg6
Rxg6 44.Ne7 Bg5 45.Qh5 {#r} 1-0

[Event "C55"]
[Site "Cleanchess.com Israel ISR"]
[Date "2018.02.16"]
[Round "7.1"]
[White "Kogan,Ar"]
[Black "Bitensky,I"]
[Result "1-0"]
[WhiteElo "2544"]
[BlackElo "2355"]

1.e4 e5 2.Nf3 Nc6 3.Bc4 Nf6 4.d3 Be7 5.O-O O-O 6.a4 d6 7.a5 a6 8.c3 h6 9.Nbd2
Nh7 10.b4 Ng5 11.Ne1 Be6 12.Qb3 Bf6 13.Nc2 Ne7 14.Ne3 Ng6 15.Bxe6 Nxe6 16.g3
Qd7 17.Qd1 c6 18.Ndc4 Bd8 19.Qf3 Bc7 20.h4 Ne7 21.Nf5 Kh7 22.Be3 f6 23.Bb6
Nxf5 24.Qxf5+ g6 25.Qh3 Rad8 26.h5 Ng7 27.hxg6+ Kxg6 28.Qh4 d5 29.Bxc7 Qxc7
30.Nb6 dxe4 31.Qxe4+ f5 32.Qe3 Rde8 33.Rae1 e4 34.f4 exf3 35.Qxf3 Rxe1 36.Rxe1
Nh5 37.Kg2 Nf6 38.Nc4 Ng4 39.Re6+ Rf6 40.Nd6 Qxd6 41.Rxd6 Rxd6 42.Qe2 Kf7
43.Qa2+ Re6 44.d4 Kf6 45.c4 Re4 46.Qd2 Kg6 47.Kh3 Ne3 48.Qd3 Ng4 49.Kg2 Re3
50.Qb1 Re2+ 51.Kg1 Ne3 52.b5 cxb5 53.cxb5 Rg2+ 54.Kh1 Rxg3 55.bxa6 bxa6
56.Qb6+ Kg5 57.Qxa6 Ng4 58.Qb5 Nf2+ 59.Kh2 Kh4 60.Qf1 Ng4+ 61.Kh1 Ra3 62.d5 f4
63.d6 f3 64.d7 Kg3 65.Qg1+ Kh3 66.d8=Q {#r} 1-0

[Event "C61"]
[Site "Cleanchess.com Israel ISR"]
[Date "2018.02.16"]
[Round "7.5"]
[White "Boruchovsky,A"]
[Black "Gurbanov,A"]
[Result "1-0"]
[WhiteElo "2542"]
[BlackElo "2339"]

1.e4 e5 2.Nf3 Nc6 3.Bb5 Nd4 4.Nxd4 exd4 5.O-O Qh4 6.d3 Bc5 7.Nd2 c6 8.Nf3 Qh5
9.Bc4 Ne7 10.c3 dxc3 11.bxc3 d5 12.exd5 Nxd5 13.Re1+ Be6 14.Re5 Qg6 15.Bxd5
cxd5 16.d4 Be7 17.Qa4+ Kf8 18.Ba3 Bxa3 19.Qxa3+ Kg8 20.c4 h6 21.cxd5 Bg4
22.Nh4 Qf6 23.Qg3 Bd7 24.Rae1 Rc8 25.h3 Kh7 26.R1e4 Rc1+ 27.Kh2 g5 28.Nf3 Bf5
29.Rf4 {#r} 1-0

[Event "C65"]
[Site "Cleanchess.com Neustadt an der Weinstrasse GER"]
[Date "2018.02.13"]
[Round "8.7"]
[White "Sadzikowski,D"]
[Black "Pfreundt,Jakob"]
[Result "1-0"]
[WhiteElo "2584"]
[BlackElo "2386"]

1.e4 e5 2.Nf3 Nc6 3.Bb5 Nf6 4.d3 Bc5 5.Nbd2 d6 6.O-O O-O 7.c3 a6 8.Ba4 Ba7
9.h3 h6 10.Re1 Re8 11.Nf1 b5 12.Bb3 Na5 13.Bc2 c5 14.Ng3 Be6 15.Be3 Nc6 16.d4
cxd4 17.cxd4 exd4 18.Nxd4 Nxd4 19.Bxd4 Bxd4 20.Qxd4 Rc8 21.Bb3 Qc7 22.Rad1 a5
23.Bxe6 Rxe6 24.Nf5 Ne8 25.Re2 Qc4 26.Qxc4 bxc4 27.f3 Re5 28.Rc2 Rb8 29.Rd4
Rc5 30.Ne3 Kf8 31.Rdxc4 Rxc4 32.Nxc4 a4 33.Ne3 Ke7 34.Nd5+ Ke6 35.Nc3 Rc8
36.a3 Nf6 37.Rd2 Rc4 38.Kf2 Nd7 39.Nb5 Nc5 40.Nxd6 Rc1 41.Nf5 Nb3 42.Nd4+ {#r}
1-0

[Event "C65"]
[Site "Cleanchess.com   INT"]
[Date "2018.02.14"]
[Round "6"]
[White "Bortnyk,Olexandr"]
[Black "Orlov,G"]
[Result "1-0"]
[WhiteElo "2610"]
[BlackElo "2481"]

1.e4 e5 2.Nf3 Nc6 3.Bb5 Nf6 4.Qe2 d6 5.c3 Bd7 6.d4 Qe7 7.d5 Nb8 8.Bd3 c6 9.c4
Na6 10.Nc3 g6 11.h3 Bg7 12.g4 Nc5 13.Bc2 cxd5 14.g5 Nh5 15.Nxd5 Qd8 16.Be3 Ne6
17.O-O-O O-O 18.Qd2 Rc8 19.Qb4 Nc5 20.Nc3 Be6 21.b3 a5 22.Qa3 Qb6 23.Rd2 Rfd8
24.Rhd1 Nf4 25.Na4 Qc7 26.Nxc5 dxc5 27.Rxd8+ Rxd8 28.Rxd8+ Qxd8 29.Qxc5 Bxh3
30.Nxe5 Qxg5 31.Nf3 Qg4 32.Qd6 Ne2+ 33.Kd2 Bf8 34.Qf6 Bf1 35.Bd3 Bb4+ 36.Kc2
Qd7 37.Bxe2 Bxe2 38.Bd4 Kf8 39.Qh8+ Ke7 40.Bf6+ Kd6 41.Qb8+ Ke6 42.Qe5# 1-0

[Event "C65"]
[Site "Cleanchess.com   INT"]
[Date "2018.02.14"]
[Round "6"]
[White "Ostrovskiy,And"]
[Black "Brown,Michael William"]
[Result "0-1"]
[WhiteElo "2448"]
[BlackElo "2506"]

1.e4 e5 2.Nf3 Nc6 3.Bb5 Nf6 4.d3 d6 5.c3 Bd7 6.O-O g6 7.Re1 Bg7 8.Nbd2 O-O
9.Ba4 h6 10.Nf1 Re8 11.Ng3 d5 12.b4 a6 13.Bd2 b5 14.Bb3 Be6 15.a4 dxe4 16.dxe4
Qd7 17.Bxe6 Qxe6 18.Qe2 Rab8 19.axb5 axb5 20.h3 Red8 21.Be3 Ne7 22.Ra7 Ne8
23.Rea1 Nc8 24.R7a6 Ncd6 25.Bc5 Qd7 26.Rd1 Qc8 27.Qa2 Nc4 28.Rxd8 Qxd8 29.Qe2
Ra8 30.Rxa8 Qxa8 31.Kh2 Bf8 32.Bxf8 Kxf8 33.Qd3 Ned6 34.Nd2 Qa7 35.Nxc4 Nxc4
36.Qf3 Kg7 37.h4 h5 38.Ne2 Nd2 39.Qd3 Nf1+ 40.Kg1 Qa1 41.Qxb5 Ne3+ 42.Kh2 Ng4+
43.Kg3 Qe1 44.Qd3 Qxf2+ 45.Kh3 Ne3 {#R} 0-1

[Event "C65"]
[Site "Cleanchess.com Newcastle ENG"]
[Date "2018.02.14"]
[Round "1.11"]
[White "Eggleston,D"]
[Black "Storey,Ch"]
[Result "1-0"]
[WhiteElo "2409"]
[BlackElo "2262"]

1.e4 e5 2.Nf3 Nc6 3.Bb5 Nf6 4.d3 d6 5.c3 a6 6.Ba4 b5 7.Bc2 d5 8.Qe2 dxe4
9.dxe4 Bc5 10.a4 Rb8 11.b4 Bd6 12.axb5 axb5 13.Bd3 O-O 14.Bxb5 Ne7 15.Bd3 Ng6
16.h3 Nh5 17.g3 Bd7 18.Nbd2 Qc8 19.Ng1 Nf6 20.Nc4 Ra8 21.Rb1 h6 22.Ne3 Qb7
23.Ng4 Nh7 24.Nf3 Kh8 25.Ne3 f5 26.Nxf5 Rxf5 27.exf5 Bc6 28.fxg6 Bxf3 29.Qe3
Bxh1 30.gxh7 Rf8 31.Bd2 Qg2 32.Bf1 Qh2 33.c4 e4 34.c5 Be5 35.f4 Bf3 36.Qf2
Qxf2+ 37.Kxf2 Bf6 38.Be2 Bd4+ 39.Be3 Bxe3+ 40.Kxe3 Bg2 41.Bf1 Bf3 42.b5 Ra8
43.Bc4 Ra3+ 44.Rb3 Ra4 45.b6 cxb6 46.cxb6 {#r} 1-0

[Event "C65"]
[Site "Cleanchess.com Lutsk UKR"]
[Date "2018.02.17"]
[Round "7.5"]
[White "Golubka,P"]
[Black "Oleksiyenko,Mykhaylo"]
[Result "1-0"]
[WhiteElo "2503"]
[BlackElo "2609"]

1.e4 e5 2.Nf3 Nc6 3.Bb5 Nf6 4.d3 Bc5 5.c3 O-O 6.Nbd2 Re8 7.O-O a6 8.Ba4 b5
9.Bc2 Bb7 10.a4 d6 11.Re1 Ne7 12.Nf1 Ng6 13.Be3 Bxe3 14.Nxe3 d5 15.Qb1 c5
16.b4 dxe4 17.dxe4 c4 18.g3 Qc7 19.Nf5 Red8 20.Qc1 Qb6 21.h3 h6 22.Re3 Bc6
23.a5 Qb7 24.Qe1 Rd7 25.Rd1 Rxd1 26.Bxd1 Nxe4 27.Rxe4 Bxe4 28.Nd6 Qd5 29.Nxe4
Rd8 30.Bc2 f5 31.Ned2 e4 32.Nd4 Ne5 33.Qe3 Nd3 34.Bxd3 cxd3 35.g4 fxg4 36.hxg4
Kh8 37.Nxe4 Re8 38.f3 Qc4 39.Qd2 Rd8 40.Kf2 Qc7 41.Ke3 Re8 42.Kxd3 Rd8 43.Kc2
Qe5 44.Kb2 h5 45.Qf2 Kg8 46.Nc6 {#r} 1-0

[Event "C70"]
[Site "Cleanchess.com   INT"]
[Date "2018.02.14"]
[Round "6"]
[White "Ruiz C,J"]
[Black "Mikhalevski,V"]
[Result "0-1"]
[WhiteElo "2368"]
[BlackElo "2538"]

1.e4 e5 2.Nf3 Nc6 3.Bb5 a6 4.Ba4 g6 5.O-O Bg7 6.c3 Nge7 7.d4 exd4 8.cxd4 b5
9.Bb3 d6 10.h3 O-O 11.a3 Na5 12.Ba2 Bb7 13.Nc3 c5 14.Be3 Rc8 15.d5 h6 16.Nd2
f5 17.f3 f4 18.Bf2 g5 19.Rc1 Ng6 20.Qe2 c4 21.Kh1 Be5 22.Ba7 Ba8 23.Qf2 Nb7
24.a4 Qd7 25.Bd4 Nc5 26.axb5 axb5 27.Bxe5 Nd3 28.Qb6 Ngxe5 29.Qxb5 Qxb5
30.Nxb5 Nxc1 31.Rxc1 Rb8 32.Nxd6 Rxb2 33.N2xc4 Nd3 34.Nxb2 Nxc1 35.Bc4 Rb8
36.Na4 Nb3 37.Nf5 Nd2 38.Ba2 Kf8 39.d6 Bc6 40.Nc3 Bd7 41.Nd4 Rc8 42.Nce2 Ra8
43.Nc3 Ra3 44.Nde2 Nf1 45.e5 Ng3+ 46.Kg1 Nxe2+ 47.Nxe2 Rxa2 48.Nd4 Rd2 {#R}
0-1

[Event "C75"]
[Site "Cleanchess.com Lutsk UKR"]
[Date "2018.02.16"]
[Round "13.2"]
[White "Golubka,P"]
[Black "Bernadskiy,V"]
[Result "0-1"]
[WhiteElo "2503"]
[BlackElo "2588"]

1.e4 e5 2.Nf3 Nc6 3.Bb5 a6 4.Ba4 d6 5.c3 Bd7 6.d4 Nge7 7.h4 h6 8.h5 exd4
9.cxd4 d5 10.e5 Nc8 11.Nc3 Nb6 12.Bxc6 bxc6 13.Nh4 c5 14.dxc5 Bxc5 15.Nxd5 Ba4
16.b3 Bb5 17.Be3 Bxe3 18.Nxe3 Qe7 19.Qd4 Rd8 20.Qe4 Nd7 21.O-O-O Qxe5 22.Qxe5+
Nxe5 23.Rxd8+ Kxd8 24.Nhf5 Nd3+ 25.Kb1 Nxf2 26.Rc1 g6 27.hxg6 fxg6 28.Nd4 Re8
29.Nd5 Nd3 30.Rd1 Re1 31.Rxe1 Nxe1 32.Ne6+ Kd7 33.Nf8+ Kd6 34.Ne3 Bd3+ 35.Kc1
Ke7 36.Nh7 Be4 37.g4 g5 38.Nf5+ Bxf5 39.gxf5 Kf7 40.Kd2 Nf3+ 41.Ke3 Nh4 42.Ke4
Kg7 {#R} 0-1

[Event "C76"]
[Site "Cleanchess.com   INT"]
[Date "2018.02.14"]
[Round "6"]
[White "Chandra,Akshat"]
[Black "Banusz,T"]
[Result "1-0"]
[WhiteElo "2510"]
[BlackElo "2641"]

1.e4 e5 2.Nf3 Nc6 3.Bb5 a6 4.Ba4 d6 5.O-O Bd7 6.c3 g6 7.d4 Bg7 8.h3 Nf6 9.Re1
O-O 10.Nbd2 exd4 11.cxd4 Nb4 12.Bxd7 Qxd7 13.Qb3 a5 14.a3 Na6 15.e5 a4 16.Qc2
Nd5 17.Ne4 Rfe8 18.Bg5 h6 19.Bh4 b5 20.Rac1 Re6 21.Bg3 Rae8 22.Red1 f5 23.exf6
Rxe4 24.fxg7 R4e6 25.b3 axb3 26.Qxb3 c6 27.a4 Nac7 28.axb5 Nxb5 29.Rc4 Kxg7
30.Rdc1 Rc8 31.Kh2 Re2 32.Rxc6 Rxc6 33.Qxb5 Ne7 34.Rxc6 {#r} 1-0

[Event "C76"]
[Site "Cleanchess.com Lutsk UKR"]
[Date "2018.02.16"]
[Round "10.1"]
[White "Vetoshko,V"]
[Black "Bogdanovich,S"]
[Result "0-1"]
[WhiteElo "2520"]
[BlackElo "2560"]

1.e4 e5 2.Nf3 Nc6 3.Bb5 g6 4.c3 a6 5.Ba4 d6 6.d4 Bd7 7.O-O Bg7 8.Bg5 f6 9.Be3
Nh6 10.h3 Nf7 11.dxe5 fxe5 12.Bb3 Qe7 13.Nbd2 Be6 14.Bxe6 Qxe6 15.Qb3 Ncd8
16.c4 O-O 17.Rfd1 Qe7 18.Rac1 b6 19.Qd3 Ne6 20.Nb1 Nfd8 21.Nc3 Rxf3 22.gxf3
Nf7 23.Nd5 Qh4 24.Kf1 Rf8 25.Ke2 Qh5 26.Rg1 Nfg5 27.Bxg5 Rxf3 28.Be3 Nc5
29.Ne7+ Kf8 30.Qd5 Rxe3+ 31.Kxe3 Bh6+ 32.f4 Bxf4+ 33.Kf2 Kxe7 34.Qc6 Nd3+
35.Kg2 Qe2+ {#R} 0-1

[Event "C77"]
[Site "Cleanchess.com Budapest HUN"]
[Date "2018.02.12"]
[Round "8.3"]
[White "Jablonicky,Martin"]
[Black "Bick,Gabriel"]
[Result "1-0"]
[WhiteElo "2302"]
[BlackElo "2403"]

1.e4 e5 2.Nf3 Nc6 3.Bb5 a6 4.Ba4 Nf6 5.d3 d6 6.c3 g6 7.O-O Bg7 8.Re1 O-O 9.Bg5
h6 10.Bh4 g5 11.Bg3 g4 12.Nh4 Nh5 13.Nd2 Qg5 14.Bxc6 bxc6 15.Nf1 Nxg3 16.fxg3
f5 17.Ne3 fxe4 18.dxe4 h5 19.Qa4 Bd7 20.Rad1 Bh6 21.Nef5 Qf6 22.Rf1 Bg5 23.c4
Rab8 24.c5 Rxb2 25.cxd6 cxd6 26.Qa3 Rd2 27.Rxd2 Bxd2 28.Ng6 Bxf5 29.Nxf8 Qxf8
30.Rxf5 Qb8 31.Qxa6 Qb4 32.Rf1 Be3+ 33.Kh1 Qxe4 34.Qc8+ Kh7 35.Rf7+ Kh6
36.Qh8+ {#r} 1-0

[Event "C77"]
[Site "Cleanchess.com   INT"]
[Date "2018.02.14"]
[Round "6"]
[White "Klein,Da"]
[Black "Lenic,L"]
[Result "1-0"]
[WhiteElo "2501"]
[BlackElo "2662"]

1.e4 e5 2.Nf3 Nc6 3.Bb5 a6 4.Ba4 Nf6 5.d3 b5 6.Bb3 Be7 7.O-O O-O 8.a4 Bb7
9.Nc3 b4 10.Nd5 Na5 11.Ba2 b3 12.Nxe7+ Qxe7 13.cxb3 Nc6 14.Bd2 a5 15.Rc1 d6
16.Bc3 Nb4 17.Bb1 c5 18.Nh4 g6 19.f4 Nd7 20.Qg4 Kh8 21.Nf3 f6 22.f5 Rg8
23.fxg6 Rxg6 24.Qh3 Rag8 25.Nh4 Rg5 26.Rf2 Bc8 27.Nf5 Qe6 28.Kh1 Nb8 29.Bd2
R5g6 30.Rcf1 d5 31.Qh5 Nd7 32.Bxb4 axb4 33.exd5 Qxd5 34.Ne7 Qd4 35.Nf5 Qd5
36.Ne7 Qd4 37.Nxg8 Kxg8 38.Qf3 Nf8 39.Qc6 Bd7 40.Qb6 Qd5 41.d4 f5 42.Qxc5 Qb7
43.d5 e4 44.Bxe4 {#r} 1-0

[Event "C77"]
[Site "Cleanchess.com Newcastle ENG"]
[Date "2018.02.15"]
[Round "2.5"]
[White "Plat,V"]
[Black "Percivaldi,Martin"]
[Result "1-0"]
[WhiteElo "2560"]
[BlackElo "2395"]

1.e4 e5 2.Nf3 Nc6 3.Bb5 a6 4.Ba4 Nf6 5.d4 exd4 6.O-O Be7 7.Re1 b5 8.e5 Nxe5
9.Nxe5 bxa4 10.Qxd4 O-O 11.Bg5 h6 12.Bh4 Rb8 13.Nd2 Rb4 14.c4 c5 15.Qc3 Re8
16.Qc2 Rb6 17.Qxa4 Re6 18.Nd3 g5 19.Bg3 Bf8 20.Rxe6 Rxe6 21.Re1 Rxe1+ 22.Nxe1
Nh5 23.Nf1 Nxg3 24.hxg3 d5 25.cxd5 Qxd5 26.Qa5 Qe4 27.Ne3 Be6 28.N1c2 Qd3
29.b3 f5 30.Qb6 Kf7 31.Na3 Qd4 32.Nac2 Qe4 33.Qc7+ Be7 34.Kh2 Kf6 35.Qb8 Kf7
36.Na3 f4 37.gxf4 gxf4 38.Nec4 Qf5 39.Kg1 Kg7 40.Qe5+ Bf6 41.Qc7+ Kg6 42.Qc6
Qg4 43.Qd6 Bd4 44.Qxd4 cxd4 45.Ne5+ Kf5 46.Nxg4 Kxg4 47.Kf1 Kf5 48.Ke2 Ke5
49.Nc2 Bd5 50.f3 a5 51.Ne1 a4 52.Nd3+ Kf5 53.bxa4 Bxa2 54.a5 Bc4 55.Kd2 h5
56.Nb4 Kg5 57.a6 Bxa6 58.Nxa6 Kh4 59.Ke2 Kg3 60.Kf1 h4 61.Nc5 d3 62.Nxd3 h3
63.gxh3 Kxf3 64.Nf2 Kg3 65.Ke2 {#r} 1-0

[Event "C78"]
[Site "Cleanchess.com   INT"]
[Date "2018.02.14"]
[Round "6"]
[White "Kathmale,S"]
[Black "Ivlev,Aleksey"]
[Result "0-1"]
[WhiteElo "2300"]
[BlackElo "2300"]

1.e4 e5 2.Nf3 Nc6 3.Bb5 a6 4.Ba4 Nf6 5.O-O b5 6.Bb3 Be7 7.d3 O-O 8.c3 d6
9.Nbd2 Na5 10.Bc2 c5 11.Re1 Re8 12.Nf1 Bf8 13.Ne3 g6 14.Bd2 Bb7 15.a4 c4
16.axb5 axb5 17.dxc4 bxc4 18.Nf1 Nb3 19.Rxa8 Qxa8 20.Ng3 Qa2 21.Bg5 Nd7 22.Qb1
Qxb1 23.Rxb1 Ndc5 24.Nd2 Ra8 25.f3 f6 26.Be3 Nxd2 27.Bxd2 Kf7 28.Nf1 d5
29.exd5 Bxd5 30.Be3 Ke6 31.Kf2 f5 32.Ke2 Be7 33.Nd2 h5 34.h3 Ra2 35.g4 hxg4
36.hxg4 Na4 37.gxf5+ gxf5 38.Bxa4 Rxa4 39.f4 exf4 40.Bxf4 Ra2 41.Kd1 Ra8
42.Kc2 Rg8 43.Re1+ Kd7 44.Re5 Be6 45.Re2 Rg4 46.Rf2 Bc5 47.Rf1 Bd5 48.b4 cxb3+
49.Nxb3 Rg2+ 50.Nd2 Be4+ 51.Kb3 Bd5+ 52.c4 Be6 53.Nf3 Bg8 54.Kc3 Ra2 55.Rd1+
Kc8 56.Nd2 Ra4 57.Rg1 Be6 58.Rg7 Bb6 59.Rg6 Kd7 60.Kd3 Ra3+ 61.Ke2 Ba5 62.Rg7+
Ke8 63.c5 Bc3 64.Rb7 Bd5 65.Rc7 Bb4 66.c6 Rc3 67.Rc8+ Ke7 68.c7 Bb7 69.Rb8
Ba6+ 70.Ke1 Rc4 71.c8=Q Bxc8 72.Bg5+ Kd7 73.Ke2 Rg4 74.Be3 Ba6+ 75.Kf2 f4
76.Nf3 fxe3+ 77.Kxe3 Bc5+ 78.Kd2 Rg2+ 79.Kc3 Rg3 80.Kb2 Rxf3 81.Rh8 Bd4+
82.Ka2 Bxh8 {#R} 0-1

[Event "C84"]
[Site "Cleanchess.com Aarhus DEN"]
[Date "2018.02.16"]
[Round "7.2"]
[White "Thybo,Jesper Sondergaard"]
[Black "Matthiesen,M"]
[Result "1-0"]
[WhiteElo "2479"]
[BlackElo "2314"]

1.e4 e5 2.Nf3 Nc6 3.Bb5 a6 4.Ba4 Nf6 5.O-O Be7 6.d3 b5 7.Bb3 d6 8.a4 b4 9.Nbd2
O-O 10.a5 Be6 11.Bxe6 fxe6 12.c3 Rb8 13.Re1 Qd7 14.Nc4 bxc3 15.bxc3 Rb5 16.d4
exd4 17.cxd4 Rfb8 18.Qe2 Nd8 19.Ba3 Ne8 20.Rac1 Nf7 21.h3 Rb3 22.Nfd2 R3b5
23.Rcd1 Bd8 24.Nf3 Rb3 25.Bc1 Qb5 26.Nfd2 Rb4 27.Ba3 c5 28.dxc5 dxc5 29.Bxb4
cxb4 30.Nb3 Rc8 31.Nb6 Qxe2 32.Rxe2 Bxb6 33.axb6 Rb8 34.Rc2 Rxb6 35.Rc8 Kf8
36.Nc5 Rb5 37.Nxa6 Rb7 38.Nc5 Re7 39.Rb8 g5 40.Rxb4 Nf6 41.Rb6 {#r} 1-0

[Event "C84"]
[Site "Cleanchess.com Bhubaneswar IND"]
[Date "2018.02.13"]
[Round "8.1"]
[White "Karthikeyan,M2"]
[Black "Sahoo,U"]
[Result "1-0"]
[WhiteElo "2585"]
[BlackElo "2252"]

1.e4 e5 2.Nf3 Nc6 3.Bb5 a6 4.Ba4 Nf6 5.O-O Be7 6.d3 b5 7.Bb3 d6 8.a3 O-O 9.h3
Be6 10.Bxe6 fxe6 11.Be3 Qe8 12.Nbd2 Nh5 13.c3 Qg6 14.a4 b4 15.Qb3 Rfb8 16.Qc2
Rb7 17.d4 bxc3 18.bxc3 exd4 19.Nxd4 Nxd4 20.cxd4 Rab8 21.Rab1 Rxb1 22.Rxb1
Rxb1+ 23.Qxb1 Qe8 24.Qc2 Qd7 25.Qc4 a5 26.d5 Kf7 27.Nb3 Nf6 28.Nxa5 exd5
29.exd5 Qf5 30.Nc6 Qxd5 31.Qxd5+ Nxd5 32.a5 Nc3 33.a6 Nb5 34.Nxe7 Kxe7 35.a7
Nxa7 36.Bxa7 c5 37.Kf1 Kd7 38.Bb8 Kc6 39.Ke2 d5 40.Kd3 Kb5 41.f4 g6 42.Bd6 d4
43.Be7 Kc6 44.Kc4 {#r} 1-0

[Event "C85"]
[Site "Cleanchess.com Newcastle ENG"]
[Date "2018.02.17"]
[Round "6.6"]
[White "Nasuta,G"]
[Black "Longson,A"]
[Result "1-0"]
[WhiteElo "2454"]
[BlackElo "2307"]

1.e4 e5 2.Nf3 Nc6 3.Bb5 a6 4.Ba4 Nf6 5.O-O Be7 6.Bxc6 dxc6 7.d3 Nd7 8.b3 O-O
9.Bb2 Bd6 10.Nbd2 c5 11.Nc4 Re8 12.a4 f6 13.Nh4 Nb8 14.Nf5 Be6 15.Nfxd6 cxd6
16.a5 Nc6 17.Nb6 Rb8 18.Bc3 Ne7 19.f4 exf4 20.Rxf4 Ng6 21.Rf2 Ne5 22.Qh5 Qe7
23.h3 Rf8 24.Raf1 Rbe8 25.Qh4 Ng6 26.Qg3 Ne5 27.b4 cxb4 28.Bxb4 Kh8 29.d4 Nc4
30.d5 Nxb6 31.Bxd6 {#r} 1-0

[Event "C86"]
[Site "Cleanchess.com   INT"]
[Date "2018.02.14"]
[Round "6"]
[White "Kovalenko,I"]
[Black "Vaibhav,S"]
[Result "0-1"]
[WhiteElo "2635"]
[BlackElo "2542"]

1.e4 e5 2.Nf3 Nc6 3.Bb5 a6 4.Ba4 Nf6 5.O-O Be7 6.Qe2 b5 7.Bb3 O-O 8.c3 d5 9.d3
Bb7 10.Nbd2 Re8 11.Rd1 Bf8 12.exd5 Nxd5 13.Ne4 Na5 14.Bc2 c5 15.Bd2 Qb6 16.Re1
Rad8 17.Rad1 c4 18.d4 f5 19.dxe5 fxe4 20.Qxe4 g6 21.Qh4 Rd7 22.Ng5 Rde7 23.e6
Rg7 24.Qh3 Bc8 25.Bc1 Nc7 26.Be3 Bc5 27.Bxc5 Qxc5 28.Ne4 Qf8 29.Qh4 Kh8 30.Re3
Qe7 31.Ng5 Nxe6 32.Rde1 Qf6 33.Rf3 Qe7 34.Rfe3 Qf6 35.Rf3 Qe7 36.Rh3 Nxg5
37.Rxe7 Nxh3+ 38.Qxh3 Rgxe7 39.g4 Bb7 40.f3 Re1+ 41.Kf2 R1e2+ 42.Kg3 Rxc2
43.Qh4 Rf8 44.Qe7 Rxf3+ 45.Kh4 Rxh2+ 46.Kg5 Kg8 47.Qd8+ Rf8 48.Qe7 Bc6 49.Qe6+
Rf7 50.b4 cxb3 51.axb3 Rf2 52.Kh6 Rh2+ 53.Kg5 Bd7 54.Qe5 Rg2 55.Qb8+ Rf8
56.Qe5 Rxg4+ 57.Kh6 Rf7 58.Qb8+ Rf8 59.Qh2 Nc6 60.c4 Ne7 {#R} 0-1

[Event "C88"]
[Site "Cleanchess.com Aarhus DEN"]
[Date "2018.02.14"]
[Round "5.5"]
[White "Thogersen,Rasmus"]
[Black "Matthiesen,M"]
[Result "0-1"]
[WhiteElo "2334"]
[BlackElo "2314"]

1.e4 e5 2.Nf3 Nc6 3.Bb5 a6 4.Ba4 Nf6 5.O-O Be7 6.Re1 b5 7.Bb3 O-O 8.h3 Bb7
9.d3 d5 10.exd5 Nxd5 11.a4 Nd4 12.Nbd2 Nxb3 13.Nxb3 f6 14.Na5 Qc8 15.Bd2 Rb8
16.d4 e4 17.Nh2 c5 18.axb5 axb5 19.Nxb7 Qxb7 20.Rxe4 f5 21.Re1 cxd4 22.Qe2 Qc6
23.Nf3 Bc5 24.Qd3 Rbd8 25.Re5 Kh8 26.Rxf5 Rxf5 27.Qxf5 Nf6 28.Ng5 Re8 29.Ra5
h6 30.Nf7+ Kg8 31.Qg6 Kf8 32.Nh8 Kg8 33.Nf7 Kf8 34.Nh8 Kg8 35.Bxh6 Re1+ 36.Kh2
Re7 37.b4 Bxb4 38.Ra1 Kxh8 39.Bg5 Ng4+ {#R} 0-1